000 00933nam a22002897a 4500
003 CHAP
005 20220329135813.0
008 971013s1986 r 00010 d
010 _a42458
011 _a43430
035 _a47566
040 _cCHAP
082 _a551.55
_bB35
100 0 0 _aBaldy, Charles.
_99684
245 _aAgrometeorologie et developpment des regions arides et semi-arides
260 _aParis :
_bInstitut National de la Recherche Agronomique,
_c1986
300 _a114 p.
590 _aBATCH-UPD
_b10
_c20130110
_lUCH01
_h1732
590 _aBATCH-UPD
_b10
_c20130410
_lUCH01
_h1113
590 _aBATCH-UPD
_b10
_c20130914
_lUCH01
_h0532
590 _aCONVERSION
_b10
_c20130109
_lUCH01
_h1323
650 1 4 _aMeteorología agrícola.
_975217
650 1 4 _aRegiones áridas
_xClima.
_995677
901 _aBK
942 _cLIBRO
949 _a551.55 B35
_bBC
_cLIBRO
_d33724000008868
_eLIBRO
_gI.c/e
_h88967
_i47566
_si
_t76.87
999 _c42458
_d42458